000 00303nam a2200109Ia 4500
008 200302s9999 xx 000 0 und d
100 _aCameron K. Andres & Other
245 _aPriciples and Practices of Commercial Construction 6th ed.
260 _bPrentice Hall Inc.
260 _c2001
300 _a530 P.,
999 _c1897
_d1897